Buslinien Winterthur #3 - Statistiken

Allgemein
  • Dieses Quiz wurde 16 mal gespielt
  • Das Durchschnittsergebnis liegt bei 23 aus 35
Antwortstatistiken
Buslinie Haltestelle % Korrekt
10 Hauptbahnhof
100%
12 Hauptbahnhof
100%
Technikum
100%
9 Bahnhof Seen
88%
Schmidgasse
88%
Bahnhof Oberwinterthur
75%
Bezirksgebäude
75%
Binzenloo
75%
Binzenloo
75%
Breite
75%
Eidberg
75%
Musikschule
75%
Post Seen
75%
Schulhaus Seen
75%
Stadthaus
75%
Zentrum Seen
75%
Zeughaus
75%
Gotzenwil
63%
Haldengut
63%
Im Geissacker
63%
Kantonsschule
63%
Klösterli Iberg
63%
Römertor
63%
Taa
63%
Bäumliweg
50%
Hammerweg
50%
Nussbaumweg
50%
Oberes Bühl
50%
Schlitwiesen
50%
Brudertobel
38%
Turmstrasse
38%
Waldheim
38%
Ziegelhütte
38%
Schützenbühl
25%
Bruderholz
13%
Keine übereinstimmenden Quizze gefunden
Verteilung der Resultate
Anzahl Personen mit jedem Resultat
Perzentil nach korrekt beantworteten Fragen
Ihre Resultats-Entwicklung
Sie haben dieses Quiz noch nicht gespielt